Speedcubers you should know - Statistics

General Stats
  • This quiz has been taken 23 times
  • The average score is 5 of 10
Answer Stats
Hint 3x3 PR single Person % Correct
4. kid from China who moved the boundaries in the 3x3 event 3.08 Yiheng Wang
85%
1. the G.O.A.T. (has 121 WR, multiple time WCA World Champion) 4.16 Feliks Zemdegs
80%
2. one of the most dominant NxN solvers of all time 3.13 Max Park
80%
8. the best all-rounder of all time 3.44 Luke Garrett
70%
3. the only cuber who becomes world class at every event he decides to practice (3x3, 4x4, 5x5, 6x6, 7x7, Pyraminx) 3.66 Tymon Kolasinski
60%
7. dominates big blind 5.36 Stanley Chapel
50%
5. one of few female speedcubers who stood on the podium of a WCA World Championship 4.44 Juliette Sébastien
35%
6. first WR-holder and WCA World Champion 22.95 Minh Thai
30%
10. still competing worldclass speedcuber, one-time 3x3 WR holder 4.24 Patrick Ponce
25%
9. one of the best speedcubers in the early days of competitions 6.54 Erik Akkersdijk
15%
No matching quizzes found
Score Distribution
Percent of People with Each Score
Percentile by Number Answered
Your Score History
You have not taken this quiz